000 00669nam a22002297a 4500
003 UA-OsUOA
001 124290
007 ta
008 20170804b un ||||| |||| 00| 0 ukr d
090 _a343.21(094.4)
_bУ26
942 _cBK
040 _aUA-OsUOA
_brus
_cUA-OsUOA
_dUA-OsUOA
245 _aУголовное законодательство Норвегии
_cнауч. ред. Ю. В. Голик
300 _a375 с.
955 _a1
041 _arus
080 _a343.21(094.4)
020 _a5-94201-242-3
260 _aСПб
_bПресс
_c2003
650 7 _a343 Кримінальне право. Карні порушення
_2UDC
999 _c411435
_d411435